Estados autisticos en los niños

Guardat en:
Dades bibliogràfiques
Autor principal: Tustin, Frances (Autor)
Format: Llibre
Idioma:espanyol
Publicat: Barcelona Paidos 1992
Col·lecció:Biblioteca de Psiquiatría, psicopatología y psicosomática, 109
Matèries:
Etiquetes: Afegir etiqueta
Sense etiquetes, Sigues el primer a etiquetar aquest registre!

MARC

LEADER 00000nam a2200000 a 4500
001 UCY1403
003 CL-VaPUC
008 940831e19920000SP |||||||||||||||||spa|d
020 |a 8475098045 
082 0 4 |a 616.8982  |b TUS  |2 21 
100 0 |a Tustin, Frances  |e author  |9 329376 
245 1 0 |a Estados autisticos en los niños 
300 |a 303 p 
942 |c BK 
945 |d 19940831 00:00:00  |a rbrito 
260 |a Barcelona  |b Paidos  |c 1992 
650 0 |a Autismo  |9 307911 
650 7 |a PSICOPATOLOGIA INFANTIL  |2 CL-VaPUC  |9 307474 
583 |a last modification  |c 20150714 05:34:12  |k Rodrigo Vera 
490 0 |a Biblioteca de Psiquiatría, psicopatología y psicosomática, 109 
999 |c 230116  |d 230114 
952 |0 0  |1 0  |4 0  |6 616_898200000000000_TUS_1992  |7 0  |8 A  |9 232124  |a BIBEDU  |b BIBEDU  |d 2019-11-15  |i 3004163  |o 616.8982 TUS 1992  |p 3004163  |r 2019-11-15  |w 2019-11-15  |y BK  |k EDU